Japan's steel industry
Gorde:
| Egile nagusia: | |
|---|---|
| Formatua: | Liburua |
| Hizkuntza: | Undetermined |
| Argitaratua: |
Tokyo
Rekko Shim Sha
|
| Gaiak: | |
| Etiketak: |
Etiketa erantsi
Etiketarik gabe, Izan zaitez lehena erregistro honi etiketa jartzen!
|
| Thư viện lưu trữ: | Trung tâm Học liệu Trường Đại học Cần Thơ |
|---|
| LEADER | 00471nam a2200181Ia 4500 | ||
|---|---|---|---|
| 001 | CTU_99758 | ||
| 008 | 210402s9999 xx 000 0 und d | ||
| 082 | |a 669.142 | ||
| 082 | |b K22 | ||
| 100 | |a Tsutomu, Kawasaki | ||
| 245 | 0 | |a Japan's steel industry | |
| 245 | 0 | |c Tsutomu Kawasaki | |
| 260 | |a Tokyo | ||
| 260 | |b Rekko Shim Sha | ||
| 650 | |a Steel industry and trade | ||
| 650 | |z Japan | ||
| 904 | |i Truc | ||
| 980 | |a Trung tâm Học liệu Trường Đại học Cần Thơ | ||